000
00345nam a2200157Ia 4500
100
_a
None
650
_a
General
490
_v
1
942
_c
RB
654
_a
Encyclopaedia
245
_a
Illustrated science & invention encyclopaedia
260
_b
H.S.Stuttman & co.
_a
New York
_c
1977
082
_a
503
300
_a
128
546
_a
ENGLISH
999
_c
18283
_d
18283